Comuni aggregati a Milano - Statistics

Statistiche generali
  • Questo quiz è stato fatto 33 volte
  • Il punteggio medio è 11 su 47
Statistiche sulle risposte
Comuni % Corretto
Affori
72%
Baggio
61%
Crescenzago
56%
Lambrate
56%
Cimiano
50%
Dergano
50%
Greco
50%
Quarto Oggiaro
50%
Bicocca
44%
Gorla
44%
Lampugnano
44%
Precotto
44%
Turro
44%
Villapizzone
39%
Lorenteggio
33%
Bruzzano dei due Borghi
28%
Muggiano
28%
Niguarda
28%
Quinto Romano
28%
Cassina San Leonardo
22%
Chiaravalle
22%
Musocco
22%
Trenno
22%
Vigentino
22%
Figino
17%
Morsenchio
17%
Quarto Cagnino
17%
Ronchetto sul Naviglio
17%
Roserio
17%
Assiano
11%
Garegnano
11%
Quintosole
11%
Sella Nuova
11%
Selvanesco
11%
Vialba
11%
Boldinasco
6%
Cavriano
6%
Nosedo
6%
Prato Centenaro
6%
Segnano
6%
Vaiano Valle
6%
Cascina Casanova
0%
Cassina Malandra
0%
Cassina Moirano
0%
Cassina Triulza
0%
Macconago
0%
San Gregorio Vecchio
0%
Nessun quiz corrispondente trovato
Distribuzione punteggi
Percentuale di utenti per punteggio
Percentile per numero di risposta
I tuoi punteggi nel tempo
Non hai fatto questo quiz